000
00249nam a22001217a 4500
008
181009b xxu||||| |||| 00| 0 eng d
041
_a
eng
080
_a
616
100
_a
9
101
_a
PAT
245
_a
Basic Pathology
_c
Kumar
942
_2
udc
_c
BK
999
_c
49128
_d
49128